000 00854cam a22002897a 4500
001 16973537
003 OSt
005 20140310182857.0
008 110923s2011 ph 000 0 eng
010 _a 2011308388
020 _a9789715066020
040 _aDLC
_cDLC
_dDLC
042 _alcode
050 0 0 _aPL 5539
_b.Si562 2011
082 _aF899.2101
_b.S563g 2011
100 1 _aSianturi, Dinah Roma.
245 1 0 _aGeographies of light :
_bpoems /
_cSianturi, Dinah Roma
260 _aManila :
_bUniversity of Santo Tomas Pub. House,
_c2011.
300 _a78 p. ;
_c21 cm.
521 _aCollege Students
526 _c1210L-1700L
541 _j1
562 _eFor circulation. 1 copy available in the collection
906 _a7
_bcbc
_corigode
_d4
_encip
_f20
_gy-gencatlg
942 _2lcc
_cBK
_kFIL
999 _c17050
_d17050